00671nam a22001097a 4500008004100000050002200041100002200063245036800085260006200453300002600515650002000541170120b xxu||||| |||| 00| 0 eng d aNA730b.M6M5 1952 aTorbert,Donald R. aA century of Minnesota architecture. Organized by the Minneapolis Institue of Arts as a contribution to the Minnesota Statehood Centennial for showings at the Minneapolis Institute of Arts, Rochester Art Center, Winona County Art Committee, the Saint Paul Gallery and School of Art, Tweed Gallery of the University of Minnesota, Duluth Branch./cDonald R. Torbert aMinneapolis :b Minneapolis Society of Fine Arts, cc1952 a78p. :bill. ;c26cm. a Architecture.